Juicio por jurados vs. principio de especialidad (Registro nro. 36328)

Detalles MARC
000 -LEADER
fixed length control field 00387 a2200121 4500
001 - CONTROL NUMBER
control field ART_61649
005 - DATE AND TIME OF LATEST TRANSACTION
control field 20260410162056.0
008 - FIXED-LENGTH DATA ELEMENTS--GENERAL INFORMATION
fixed length control field 260409a
100 1# - MAIN ENTRY--PERSONAL NAME
Personal name Deymonnaz, Virginia
245 10 - TITLE STATEMENT
Title Juicio por jurados vs. principio de especialidad
700 1# - ADDED ENTRY--PERSONAL NAME
Personal name Freedman, Diego
773 0# - HOST ITEM ENTRY
Title Temas de derecho penal y procesal penal
Related parts - Año 5, N° 7 (jul. 2023)
Record control number REV60798

No hay ítems disponibles.